| 000 | 00751nam a2200265 i 4500 | ||
|---|---|---|---|
| 001 | 16477 | ||
| 003 | ES-MaACL | ||
| 005 | 20250912063035.0 | ||
| 007 | t| | ||
| 008 | 000929s1991 mx ||||1| spa d | ||
| 020 | _a968-16-3582-5 | ||
| 080 | _a316.62 | ||
| 080 | _a159.943 | ||
| 100 | 1 |
_aGenovés, Santiago, _d1923- _956341 |
|
| 245 | 1 | 0 |
_aExpedición a la violencia / _cSantiago Genovés. |
| 250 | _a1ª ed. | ||
| 260 |
_aMéxico : _bFondo de Cultura Económica, _c1991. |
||
| 300 |
_a292 p. ; _c17 cm. |
||
| 490 | 1 |
_aColección popular (Fondo de Cultura Económica) ; _v453 _9241328 |
|
| 650 | 1 | 4 |
_aViolencia. _917812 |
| 650 | 1 | 4 |
_aAgresividad. _99668 |
| 852 |
_aES-MaACL _jL-23753 |
||
| 942 | _2udc | ||
| 999 |
_c16477 _d16477 |
||